| 000 | 00365nam a22001457a 4500 | ||
|---|---|---|---|
| 999 |
_c523925 _d523925 |
||
| 003 | NUST | ||
| 038 | _awaseem | ||
| 082 |
_a891.43915 _bSHA |
||
| 100 |
_aShafiq Malik, Nadeem _914752 |
||
| 245 |
_aIqbal Day Celebrations Abroad / _cNadeem Shafiq Malik |
||
| 260 |
_aLahore : _bFiction House, _c2015. |
||
| 300 | _a288 p. ; | ||
| 500 | _aHardcover. | ||
| 942 |
_2ddc _cBK |
||